Corruption – A Dark Side of Entrepreneurship. Corruption and Innovations

Korupcia v podnikaní, je vnímaná ako jav, ktorý nie je bežne morálne a legálne akceptovateľný. Napriek tomu, že je negatívne vnímaný, je trvalo prítomný vo verejnom, ekonomickom a politickom živote každej krajiny, o čom svedčia aj vychádzajúce tlačové správy.

Gespeichert in:
Bibliographische Detailangaben
1. Verfasser: Tomaszewski, M.
Format: Buchkapitel
Sprache:Englisch
Schlagworte:
Tags: Tag hinzufügen
Keine Tags, Fügen Sie das erste Tag hinzu!

MARC

LEADER 00000naa a2200000 4500
001 0246039
005 20180625142750.2
041 0 |a eng 
044 |a CZ 
245 1 0 |a Corruption – A Dark Side of Entrepreneurship. Corruption and Innovations  |c M. Tomaszewski 
520 |a Korupcia v podnikaní, je vnímaná ako jav, ktorý nie je bežne morálne a legálne akceptovateľný. Napriek tomu, že je negatívne vnímaný, je trvalo prítomný vo verejnom, ekonomickom a politickom živote každej krajiny, o čom svedčia aj vychádzajúce tlačové správy. 
610 2 0 |a podnikanie 
610 2 0 |a prostredie podnikateľské 
610 2 0 |a inovácie technologické 
610 2 0 |a rast hospodársky 
610 2 0 |a korupcia 
610 2 0 |a legislatíva 
610 2 0 |a zákony ekonomické 
100 1 |a Tomaszewski, M.